Name every Twenty One Pilots Character - Statistics

General Stats
  • This quiz has been taken 79 times
  • The average score is 6 of 15
Answer Stats
Hint Answer % Correct
protagonist Clancy
96%
lil guy Ned
84%
sai Trash
60%
Bishop Nico
48%
Bishop Keons
46%
not real Torchbearer
46%
Bishop Andre
28%
Bishop Sacarver
28%
Bishop Lisden
24%
Bishop Nills
22%
trench cover Clifford
20%
Bishop Listo
18%
Bishop Reisdro
18%
Bishop Vetomo
16%
trench song idk Jason Stathem
4%
No matching quizzes found
Score Distribution
Percent of People with Each Score
Percentile by Number Answered
Your Score History
You have not taken this quiz